| 000 | 01300nam a2200361 a 4500 | ||
|---|---|---|---|
| 001 | 21385 | ||
| 003 | VRT | ||
| 005 | 20260228122044.0 | ||
| 008 | 000816s1982 xo a g 000 0 slo c | ||
| 035 | _aUKB000086233 | ||
| 039 | 9 |
_a202501231454 _bAUTHORITY _c201504281458 _dgluc |
|
| 040 |
_aBAA001 _bslo _cBAA001 _eAACR2 |
||
| 041 | 0 | _aslo | |
| 044 |
_axo _cSK |
||
| 084 |
_aW 6(1S)-655 _2UKB |
||
| 100 | 1 |
_aGavlovič, Hugolín, _d1712-1787 |
|
| 245 | 1 | 0 |
_aValaská škola _bskrátená podoba pôvodnej skladby Walaska sskola mrawuw stodola _cHugolín Gavlovič ; ed. pripr. Rudolf Krajčovič ; dosl. nap. Tomáš Oravec ; ilustr. Dušan Polakovič |
| 250 | _a2., skrát. vyd. | ||
| 260 |
_aBratislava _bTatran _c1982 |
||
| 300 |
_a350 s. _bil. |
||
| 490 | 1 |
_aHviezdoslavova knižnica _vzv. 276 |
|
| 500 | _aFrontsp. | ||
| 700 | 1 |
_aKrajčovič, Rudolf, _d1927- _4edt |
|
| 700 | 1 |
_aOravec, Tomáš _4aui |
|
| 700 | 1 |
_aPolakovič, Dušan, _d1950- _4ill |
|
| 830 | 0 | _aHviezdoslavova knižnica | |
| 910 | _aukb | ||
| 942 |
_2ddc _cKLDO _n0 |
||
| 949 |
_61800125290 _a24.D.95094 _bPV.8061-82 _q10.3.2016 popísaná ceruzou. _r10.3.2016 popísaná ceruzou. |
||
| 949 |
_61800533426 _aS.D.76070 _bPV.8062-82 |
||
| 949 |
_61800080195 _a24.D.95094 _bKD.2227-82 |
||
| 949 |
_61800285828 _a24.D.95094 _bKD.2226-82 |
||
| 999 |
_c21385 _d21385 |
||